000
00325nam a22001457a 4500
008
210305b ||||| |||| 00| 0 eng d
020
_a
9780716728719
041
_a
eng
080
_2
sixth edition
_a
541
082
_2
541
100
_a
12
101
_a
KIM
245
_a
Physical Chemistry
_c
Peter Atkins
942
_2
udc
_c
BK
999
_c
55828
_d
55828